000 01108nam a2200313 c 4500
999 _c342048
_d342048
003 BLK
005 20210107040713.0
008 180911b bul|||||r ||||||| ||bul||
010 _a001682
040 _aBLK
041 _aBUL
_cBUL
080 _z165
100 1 _aМИХАЛЧЕВ, Димитър
_eпърви автор
_9398466
245 0 0 _aФорма и отношение
246 _aПринос към учението за познанието : Т. 1
250 _a2. прераб. изд
260 _aСофия
_bпеч. Графика
_c1931
300 _a4, 547 с
_c24 см
380 _a1
490 _aУниверситетска библ
490 _aЧастна колекция - Академик Михаил Арнаудов
_gДарение - Основен фонд
500 _aМихаил Арнаудов: негови-книга. - Михаил Арнаудов: подпис. - Датиране на книгата : 1931
655 _aфилософия
_9396704
700 1 _aД. Михалчев
_9398477
852 _aМА 1782
942 _cKNG
_n0
_s1
944 _aCR
_c1996
_kValK
999 _d342048